|
วิทยาลัยพยาบาลบรมราชชนนี ยะลา |
|
แสดงรายละเอียดบรรณานุกรม |
|
|
Brief Record
: Get Marc (ISO 2709)
: E-mail record
: |
|
|
|
| LEADER 00000nam 2200000uu 4500 | |||
| 001 3853 | |||
| 003 ULIBM | |||
| 008 260423s2567||||th 000 0 tha d | |||
| 020 ^a9786169397410 | |||
| 050 4 ^aP93.5^bห334i | |||
| 100 1 ^aหลิน, ฉาง หยาง | |||
| 245 10 ^aInfographic ฉบับคนขี้เกียจ/^cหลิน, ฉาง หยาง,เขียน อังค์วรา กุลวรรณวิจิตร,แปล | |||
| 250 ^aพิมพ์ครั้งที่ 1 | |||
| 260 ^aกรุงเทพฯ :^bวาบิซาบิ เอ็ดดูเคชั่น,^c2567. | |||
| 300 ^a198หน้า :^bภาพประกอบ;^c21 ซม. | |||
| 650 7 ^aการออกแบบกราฟิก | |||
| 650 7 ^aคอมพิวเตอร์กราฟิก | |||
| 650 7 ^aการสื่อทางภาพ | |||
| 700 0 ^aอังค์วรา กุลวรรณวิจิตร,แปล | |||
| 999 ^aฮัซวานี | |||
| คุณยังไม่ได้ล็อกอิน คุณสามารถมีกิจกรรมร่วมกับเว็บไซต์ได้ แต่ต้องล็อกอินก่อน :: |
|
| สถานะ | |||||||||
| 1. | หนังสือทั่วไป | P93.5 ห334i 2567 ฉ.1 | ►หนังสือทั่วไปภาษาไทย | On Shelf | |||||
| [แสดง 1/1 รายการ] | |||||||||
| รายการใกล้เคียง หัวเรื่อง [การสื่อทางภาพ] |
BibComment |
| คอมเมนท์ทรัพยากรรายการนี้ |
|
|